• 首页
  • 本馆介绍
  • 公告通知
  • 最新文献
  • 馆藏检索
  • 电子资源
  • 读者导购
  • 参考咨询
  • 我的图书馆
  • 登录
  • 详细信息显示
  • 放入我的书架
  • 预约/预借图书
  • 作者相关作品
  • 分类相关作品
  • 丛书相关作品
  • 出版社相关作品

书目信息

  • 表格格式
  • 工作单格式
  • 卡片格式
书名: 《圣经》的历史性与文学性
作者: 王新球编著.
分册号: [专著] /
分册名:
出版地: 上海 :
 
出版社: 上海交通大学出版社
出版时间: 2003.
页数: 260页 ;
开本: 21cm.
丛书名:
中图分类号:
科图分类号:
其他分类号: H319.4:B971
主题词:
电子资源:
000 00730nam 2200217 a 4500
001 E0737219861
005 20070309102038.15
008 030108m2003----ch 000 0 chi0
020    @a7-313-03171-8 :@cCNY14.00.
041    @aeng
090    @aB971 @v4
090    @aH319.4:B971
099    @dH319.4:B971@ex546
100 1  @a王新球 @4编著
245 10 @a《圣经》的历史性与文学性@h[专著] / @c王新球编著.
246  1 @aThe History and Literature of the Bible
260 1  @a上海 :@b上海交通大学出版社,@c2003.
300    @a260页 ;@c21cm.
520    @a全书以英语写成,内容涵盖《圣经》教学中常见疑难问题的解答、《圣经》的历史背景及其最终成形的过程以及《圣经》在外国文学作品中的典型应用。
630 04 @a圣经 @x研究 @p英文
630 04 @a圣经
    
    《圣经》的历史性与文学性 [[专著] / ] / 王新球编著.-上海 : : 上海交通大学出版社, , 2003.
    260页 ; ; 21cm.
    全书以英语写成,内容涵盖《圣经》教学中常见疑难问题的解答、《圣经》的历史背景及其最终成形的过程以及《圣经》在外国文学作品中的典型应用。
    
    ISBN 7-313-03171-8 :CNY14.00.
    全书以英语写成,内容涵盖《圣经》教学中常见疑难问题的解答、《圣经》的历史背景及其最终成形的过程以及《圣经》在外国文学作品中的典型应用。
●
相关链接 在E读中查询图书 在五车中查询图书 在当当中查询图书 在豆瓣中查询图书


正题名:《圣经》的历史性与文学性     索取号:H319.4:B971/x546         预约/预借

序号 登录号 条形码 馆藏地/架位号 状态 备注
1 0001190   300011902   第二样本阅览室/ [索取号:H319.4:B971/x546] 在馆    
2 0001191   300011911   第四借阅区/ [索取号:H319.4:B971/x546] 在馆    
3 0001192   300011920   第四借阅区/ [索取号:H319.4:B971/x546] 在馆    
唐山师范学院图书馆 欢迎您!
大连网信软件有限公司© 版权所有